000 00811nam a2200265Ia 4500
003 OSt
005 20221005030256.0
006 a|||||r|||| 00| 0
007 ta
008 221004b |||||||| |||| 00| 0 eng d
020 _a0521606586
_c995
024 _a83098
037 _b2842, 30/03/2005, The Book Seller
_cTextual
040 _aCRL
_cCRL
_beng
041 _2eng
_aeng
082 _aW60gV1,d, P5
100 _aPevehouse Jon C.
245 0 _aDemocracy from above
_b Regional organizations and democratization
260 _aCambridge
_bCambridge University Press U. K.
_c2005
300 _a248p.
_ccm.
650 _a POLITICAL SCIENCE
650 _aDEMOCRACY
942 _hW60gV1,d, P5
_cTEXL
_2cc
999 _c935966
_d935966